LEADER 00906naa a2200193 u 4500 001 000000095118 003 CaOOAMICUS 005 20070226130141.0 008 040527s1966 gw u000 u ger u 035 $a10997147 040 $aIAR$bita 100 1 $aPerényi, József.$0(OLS)http://pul/name/61037 245 10$aZur Entstehungsgeschichte des Warschauer Vertrages vom Jahre 1707 /$cJoseph Perényi. 260 $aWiesbaden :$bHarrassowitz,$c1966. 300 $av.2, S. 170-191, ;$c24 cm 773 0 $aDas östliche Mitteleuropa in Geschichte und Gegenwart. 773 0 $aCongresso internazionale di storia slava.$tActa congressus historiae Slavicae Salisburgensis in memoriam ss. Cyrilli et Methodii anno 1963 celebrati$w()12921 996 $6245$aZur Entstehungsgeschichte des Warschauer Vertrages vom Jahre 1707$9(OLS)http://pul/title/121997 996 $6260$aWiesbaden :$bHarrassowitz$9(OLS)http://pul/publisher/53801 LEADER 00770naa a2200193 u 4500 001 000000104081 003 CaOOAMICUS 005 20070226130218.0 008 061218s1973 it u000 u ita u 035 $a11111210 040 $aIAR$bita 100 1 $aGentili, Augusto.$0(OLS)http://pul/name/63956 245 10$aProblemi del simbolismo armonico nella cultura elisabettiana /$cAugusto Gentili. 260 $aRoma :$bIstituto di studi filosofici,$c1973. 300 $ap. 59-102 ;$c25 cm 500 $aIAR: CR.17 773 0 $tIl Simbolismo del tempo : studi di filosofia dell'arte$w()5126 996 $6245$aProblemi del simbolismo armonico nella cultura elisabettiana$9(OLS)http://pul/title/130988 996 $6260$aRoma :$bIstituto di studi filosofici$9(OLS)http://pul/publisher/48217 LEADER 01687nam a2200301 a 4500 001 000000172777 003 CaOOAMICUS 005 20191012122904.0 008 191012s2018 fr df m u001 u fre r 020 $a978-2-7295-9150-2* 032 $aLibriCat 040 $aPUL$bita 100 1 $aZitisa Kuyinimina, Justin.$0(OLS)http://pul/name/110965 245 13$aLa pastorale des communautés chrétiennes de villages dans L'Eglise en RD Congo : $bProblèmes, fondements, perspectives théologiques / $cJustin Zitisa Kuyinimina. 260 $aParis :$b[s.n.],$c©2018. 300 $a521 p.:$bgraf.,tav.;$a24 cm 500 $aThèse présentée pour l'obtention du Doctorat en Théologie selon une co-tutelle entre la Faculteit Theologie en Religiewetenschappen, Katholieke Universiteit Leuven, et la Faculté de Thélogie et de Sciences Religieuses, Institut Catholique de Paris / 502 $aTesi di Dottorato. Institut Catholique de Paris. Faculté de Theologie. 2018. 504 $aBibliografia: p. 498-512. 650 4$aTeologia pastorale$zAfrica.$0(OLS)http://pul/subject/5744 700 1 $aInstitut catholique de Paris.$bFaculté de thèologie Theologicum.$kTesi.$0(OLS)http://pul/name/110966 850 $aPUL 852 $aPUL$W1$xDP1 Tesi Varie$y51$m2018 B 10$j193079$qTesi$B201503$CPULBib$Z2$F201503 $82 941 1 $a16 996 $6020$a978-2-7295-9150-2*$9(OLS)http://pul/number/166827 996 $6245$aLa pastorale des communautés chrétiennes de villages dans L'Eglise en RD Congo : $bProblèmes, fondements, perspectives théologiques / $9(OLS)http://pul/title/213793 996 $6260$aParis :$b[s.n.]$9(OLS)http://pul/publisher/47948